000 01185cam a2200229 4500
001 ABS65820
008 020910n2002 000 0 eng u
035 _a(Sirsi) u119657
100 _aRedmond, J.
245 _aJust say no
260 _c2002
490 _aBuilding
_v267(8248) 30 August 2002, 35(1)
520 _aExamines the appointment of adjudicators. Points out that most appointments are made after an application to a nominating body but often without discussion about the conditions of appointment. Parties often sign these terms and conditions believing them to be a requirement of the adjudication process but they are not and should not be signed without careful thought. The terms to be careful of include ones that state that the adjudicator can decide their own jurisidiction.
590 _aABS
650 _aMANAGEMENT-DISPUTE AVOIDANCE, MANAGEMENT AND RESOLUTION-DISPUTE MANAGEMENT AND RESOLUTION-ALTERNATIVE DISPUTE RESOLUTION-ADJUDICATION
650 _aTERMS OF APPOINTMENT
650 _aBUILT ENVIRONMENT-BUILDING CONTRACT FORMS
650 _aRICS
650 _aCHARTERED INSTITUTE OF ARBITRATORS
690 _aDispute resolution
_96236
942 _n0
999 _c71131
_d71131